000 00510nam a22002057a 4500
003 Nust
005 20211119113448.0
008 170117b xxu||||| |||| 00| 0 eng d
038 _aKhadija
040 _cc
082 _a629.8
_bPAN
100 _aPandey, Onkar N.
_984579
245 _aInstrumentation and Process Control /
_cOnkar N. Pandey
250 _aIst ed.
260 _aNew Dehli :
_bS.K Kataria,
_c2010.
300 _a447 p. ;
_c24 cm.
500 _apaperback.
563 _aPB
942 _cBK
_2ddc
999 _c32092
_d32092